1205 1979 1932 1347 1665 1165 1227 1268 1176 1826 1516 1490 1701 1363 1397 1983 1179 1939 1578 1845 1021 1778 1660 1613 1483 1290 1247 1735 1008 1183 1533 1006 1126 1824 1232 1948 1679 1502 1772 1173 1554 1254 1244 1751 1086 1658 1099 1332 1610 1931 1823 1094 1603 1840 1713 1630 1477 1068 1873 1974 1753 1578 1295 1077 1065 1747 1886 1390 1438 1864 1242 1417 1378 1440 1305 1209 1045 1909 1697 1246 1995 1650 1834 1369 1269 1422 1727 1231 1324 1355 1084 1687 1352 1471 1582 1811 1709 1457 1500 BCNSPRNW ULIB Ver.6.0+V

เปลี่ยนเป็นภาษาไทย

Change to English
 แสดงรายละเอียดบรรณานุกรม
  กลับหน้าหลัก

Brief Record : Get Marc (ISO 2709) : E-mail record : QR code < ปิดหน้าต่าง
LEADER : 00000nas 2200000uu 4500
001    13399123105
003     ULIB
008    140204sllll||||th 000 0 tha d
022 0  01258885
110 1  คณะพยาบาลศาสตร์ มหาวิทยาลัยมหิดล
245 00 ^aวารสารพยาบาลศาสตร์/คณะพยาบาลศาสตร์ มหาวิทยาลัยมหิดล
310    ^aรายสามเดือน
945    ^p0^l0^i902023
999    ^aกมลทิพย์ ธนสารสุธี
รายการนี้ยังไม่มีแท็ก
คุณยังไม่ได้ล็อกอิน คุณสามารถมีกิจกรรมร่วมกับเว็บไซต์ได้ แต่ต้องล็อกอินก่อน ::
  ล็อกอิน

รายการสื่อสารสนเทศ (วารสาร)

ดูแบบ: กล่อง รายการ
ARRIVED
ปีที่ 23 ฉบับที่ 3
สถานที่: ห้องสมุดวิทยาเขตสวรรค์ประชารักษ์ >วารสาร
รายการใกล้เคียง
    ชื่อเรื่อง [วารสารพยาบาลศาสตร์/คณะพยาบาลศาสตร์ มหาวิทยาลัยมหิดล]

BibComment


ยังไม่เคยถูกคอมเมนท์

คอมเมนท์ทรัพยากรรายการนี้
  คอมเมนท์: วารสารพยาบาลศาสต..


 Copyright 2026. Bcnsprnw @Library